| 000 | 00436cam a2200181ua 4500 | ||
|---|---|---|---|
| 020 | _cRs 1.75 | ||
| 041 |
_ahin _h |
||
| 082 |
_a891.54 _bMAN/BA |
||
| 100 | _aManmathnath, Gupta . | ||
| 245 |
_aBali ka bakra / _cManmathnath Gupta. _hTextual Documents |
||
| 250 |
_a2 / _b. |
||
| 260 |
_aVaranasi : _bJai Prakashan , _c1961. |
||
| 300 | _a96 ; . | ||
| 365 | _aRs 1.75 | ||
| 504 | _a | ||
| 942 | _cBK | ||
| 999 |
_c3614 _d3614 |
||